000 01061nam a22001937a 4500
003 JO-AjAnu
005 20240401104403.0
008 240331b jo ||||| |||| 00| 0 ara d
040 _aJO-AjAnu
_canu
041 0 _aara
100 1 _aبطران، عبير إبراهيم محمد
_eمؤلف
_965200
245 _aالدور الوسيط للعمل عن بعد بين خصائص العمل وأداء العاملين في مؤسسة التدريب المهني في الأردن = The Mediating Role of Remote Working Between the Work Characteristics and the Employees' Performance at the Vocational Training Corporation Jordan /
_cاعداد عبير إبراهيم محمد بطران ؛ اشراف هشام علي شطناوي
260 _c2023
300 _a113 ورقة
500 _aرسالة جامعية (ماجستير) تخصص إدارة الاعمال/جامعة عجلون الوطنية، 2023
650 7 _vالعمل والعمال-العمل عن بعد
700 _aهشام علي شطناوي
_eمشرف
_965201
942 _2lcc
_cREF
_n0
999 _c33380
_d33380